000 00512nam a22001577a 4500
005 20251108170902.0
008 250721s1982 xx 000 0 ara d
082 1 4 _a811.9565/عمر
100 1 _aأبو سالم، عمر
245 1 0 _aليل السفر /
264 1 _aعمان :
_bوزارة الثقافة و السياحة و الآثار - دائرة الثقافة و الفنون،
_c1982.
300 _a202ص
650 1 7 _aالشعر الأردني الحديث
942 _2ddc
_cBK
999 _c51336
_d51336